000 00714nam a22002417a 4500
999 _c4601
_d4601
003 OSt
005 20210405131120.0
008 160701b xxu||||| |||| 00| 0 eng d
020 _a9780632052578
020 _a0632015012
040 _c040a
082 _aWA950 A55s 1994
_bA55s 1994
100 _aArmitage, P.; Berry, G.
_99880
245 _aStatistical Method in Medical Research
250 _a2nd.ed
260 _aLondon;
_bBlackwell scientific publications,
_c1994
300 _axiii, 559p;
_bill :
_c15 cm.
504 _aIncludes bibliographical references and index
650 _aMedical statistics
_99881
650 _aMedical reseach
_912553
650 _aResearch methods
_92296
942 _2z
_cO_SHELF